Fúzie akciových spoločností

Výklad pojmu fúzia. V slovenskej právnej úprave pojem fúzia definovaný nie je, najčastejšie sa chápe ako zlúčenie, či splynutie spoločností. Právne hľadisko zlúčenia či splynutia spoločností vychádza zo zákona č. 513/1991 Zb. Obchodný zákonník v znení neskorších predpisov. Vysvetlenie pojmov zlúčeni...

Full description

Saved in:
Bibliographic Details
Main Author: Silná, Renáta, 1981-
Other Authors: Ostatníková, Martina
Format: Book Chapter
Language:Slovak
Subjects:
Tags: Add Tag
No Tags, Be the first to tag this record!

MARC

LEADER 00000nla$a2200000$$$4500
001 0068904
005 20240502083204.2
041 0 |a slo 
044 |a CZ 
245 1 0 |a Fúzie akciových spoločností  |c Renáta Silná, Martina Ostatníková 
520 |a Výklad pojmu fúzia. V slovenskej právnej úprave pojem fúzia definovaný nie je, najčastejšie sa chápe ako zlúčenie, či splynutie spoločností. Právne hľadisko zlúčenia či splynutia spoločností vychádza zo zákona č. 513/1991 Zb. Obchodný zákonník v znení neskorších predpisov. Vysvetlenie pojmov zlúčenie a splynutie spoločností. Účtovníctvo zanikajúcej a nástupníckej spoločnosti. Spôsoby spojenia podielov spoločníkov. Tri fázy pri uskutočňovaní fúzie akciových spoločností. Rastúci význam fúzií, najmä akciových spoločností, v dôsledku integračných a globalizačných trendov. 
610 2 0 |a spoločnosti akciové 
610 2 0 |a fúzie 
610 2 0 |a zlučovanie podnikov 
610 2 0 |a pojmy 
610 2 0 |a účtovníctvo 
610 2 0 |a globalizácia 
100 1 |a Silná, Renáta, 1981- 
700 1 |a Ostatníková, Martina